| 000 | 00659nam a22002057a 4500 | ||
|---|---|---|---|
| 999 |
_c12842 _d12842 |
||
| 003 | AR-CdUCM | ||
| 008 | 190402b ||||| |||| 00| 0 spa d | ||
| 040 |
_aMUNICIPALIDAD PROVINCIAL DEL CUSCO _cBIBLIOTECA MUNICIPAL DEL CUSCO |
||
| 082 |
_aEP / 372.813 / _bC95 |
||
| 110 |
_aEditorial Molino _930882 |
||
| 245 | _aCuentos de Hadas Irlandeses / | ||
| 260 |
_aBarcelona : _bEditorial Molino ; _c1963. |
||
| 300 |
_a91 paginas ; _bIlustraciones, _c28 cm. |
||
| 505 | _aContenidos :Cuentos infantiles | ||
| 650 |
_aEducación primaria _91561 |
||
| 650 |
_aCuentos _9217 |
||
| 700 |
_aGranch, H. C. _930907 |
||
| 942 |
_2ddc _cLIBROS |
||
| 945 |
_anom _d2019-04-10 |
||